000 00322 a2200145 4500
001 156164
040 _cEscola São Tomás de Aquino
100 _aSHAKESPEARE, William
240 1 0 _aRomeu e julieta
_lpor
245 1 0 _aRomeu e julieta
300 _a96
362 0 _a2014
697 _a*LITERATURA JUVENIL
942 _cBK
999 _c156164
_d156164